000 01489cam a2200385 i 4500
001 19404205
003 OSt
005 20231004131946.0
008 161212r20182009nyua 001 0 eng
010 _a 2016055055
020 _a9789332549593
020 _a9780134696447 (pbk.)
020 _a0134696441 (pbk.)
040 _aDLC
_beng
_cDLC
_erda
_dDLC
042 _apcc
050 0 0 _aQA76.9.M35
_bK64 2018
082 0 0 _a511.6
_bKOL/D
100 _aKolman, Bernard
_d1932-
_93769
245 1 0 _aDiscrete mathematical structures /
_cBernard Kolman, Drexel University, Robert C. Busby, Drexel University, Sharon Cutler Ross, Georgia Perimeter College.
250 _aSixth edition [2018 reissue].
264 1 _aNew York, NY :
_bPearson,
_c[2018]
300 _a540 p :
_billustrations (some color) ;
_c26 cm.
336 _atext
_btxt
_2rdacontent
337 _aunmediated
_bn
_2rdamedia
338 _avolume
_bnc
_2rdacarrier
490 0 _aPearson modern classic
500 _aOriginally published in 2009, reissued as part of Pearson's modern classic series.
500 _aIncludes index.
650 0 _aComputer science
_xMathematics.
700 1 _aBusby, Robert C.
700 1 _aRoss, Sharon Cutler,
_d1943-
906 _a7
_bcbc
_corignew
_d1
_eecip
_f20
_gy-gencatlg
942 _2ddc
_cBK
_h511.6
_iKOL/D
_k511.6
_mKOL/D
999 _c42424
_d42424